Meet Minitab : release 12 : for windows, windows 95 and windows NT.

Αποθηκεύτηκε σε:
Λεπτομέρειες βιβλιογραφικής εγγραφής
Μορφή: Βιβλίο
Γλώσσα:English
Δημοσίευση: [S.l.] : [s.n.], [19--]
Θέματα:
Ετικέτες: Προσθήκη ετικέτας
Δεν υπάρχουν, Καταχωρήστε ετικέτα πρώτοι!

MARC

LEADER 00000cam a2200000 i 4500
001 1/9943
008 000828q xx | ||| |||| ||eng||
035 |l 10063250 
040 |a GR-MyUa  |b gre  |e AACR2 
041 0 |a eng 
082 7 |a 005.36   |2 (22) 
245 1 0 |a Meet Minitab :   |b release 12 : for windows, windows 95 and windows NT.  
260 |a [S.l.] :   |b [s.n.],   |c [19--] 
300 |a 1 τ. (ποικίλες σελιδαριθμήσεις) ;   |c 30 εκ.  
500 |a Photocopies 
630 0 0 |a Minitab. 
650 0 |a Computer software. 
852 |a INST  |b CHIOS  |e 20001026  |h 005.36 ΜΕΕ  |p 005200017244  |q 005200017244  |t CPY  |y 23 
852 |a INST  |b CHIOS  |e 20000828  |h 005.36 ΜΕΕ  |p 005200018116  |q 005200018116  |t CPY  |y 23 
901 |a BIBL2-2000-2 
920 |a ΣΠΙΝΑΚΗΣ  |b ΑΝΤΩΝΗΣ  |y Χίος  |z 2000-03 
970 |z 2000/08/ΣΟΦΙΑ